[Event "ICS rated blitz match"]
[Site "204.178.125.65"]
[Date "2001.07.08"]
[Round "?"]
[White "Yace"]
[Black "Hossa"]
[Result "1-0"]
[WhiteElo "2797"]
[BlackElo "2649"]
[PlyCount "159"]
[EventDate "2001.??.??"]

1. c4 c6 2. e4 d5 3. exd5 cxd5 4. cxd5 Qxd5 5. Nc3 Qd6 6. d4 Nf6 7. Nge2 e6 8.
g3 Qc6 9. d5 exd5 10. Nd4 Qd7 11. Bb5 Nc6 12. Qa4 Qe7+ 13. Kd1 Bd7 14. Re1 Ne4
15. Nxd5 Nxf2+ 16. Kd2 Ne4+ 17. Rxe4 Qxe4 18. Nc7+ Kd8 19. Nde6+ fxe6 20. Qxe4
Kxc7 21. Ke1 Bb4+ 22. Kf1 Raf8+ 23. Kg1 Rf5 24. Bxc6 Bc5+ 25. Be3 Bxc6 26. Qxe6
Bxe3+ 27. Qxe3 Re8 28. Qd3 g6 29. Rf1 Rd5 30. Rf7+ Kb6 31. Qb3+ Rb5 32. Qd1 Rd5
33. Qc2 h5 34. Qb3+ Rb5 35. Qc2 Rd5 36. Rf4 Rg5 37. Qf2+ Ka6 38. Rf6 Re4 39.
Qf3 Reg4 40. Rxc6+ bxc6 41. Qxc6+ Ka5 42. a3 Rb5 43. b4+ Rgxb4 44. Qc7+ Ka6 45.
axb4 Rxb4 46. Qc8+ Rb7 47. h4 Kb6 48. Qe6+ Ka5 49. Qa2+ Kb6 50. Qb1+ Kc7 51.
Qc2+ Kd8 52. Qxg6 Rc7 53. Qxh5 Kc8 54. Qa5 Rd7 55. Qf5 Kd8 56. Qxd7+ Kxd7 57.
Kf2 Ke7 58. Ke2 Kd8 59. Kd3 Ke7 60. g4 Ke6 61. g5 Kf5 62. Kc4 Kg6 63. Kb5 Kf5
64. Ka6 Kg6 65. Kxa7 Kh5 66. Kb7 Kg6 67. Kc7 Kh7 68. h5 Kg7 69. h6+ Kg6 70. Kd7
Kh7 71. Ke7 Kg6 72. Ke6 Kh7 73. Kf6 Kg8 74. g6 Kf8 75. g7+ Ke8 76. g8=Q+ Kd7
77. Qc4 Kd6 78. h7 Kd7 79. h8=Q Kd6 80. Qd8# {Hossa checkmated} 1-0

[Event "ICS rated blitz match"]
[Site "204.178.125.65"]
[Date "2001.07.08"]
[Round "?"]
[White "Hossa"]
[Black "Yace"]
[Result "0-1"]
[WhiteElo "2639"]
[BlackElo "2807"]
[PlyCount "80"]
[EventDate "2001.??.??"]

1. c4 c5 2. Nf3 Nc6 3. g3 g6 4. d3 Bg7 5. Bg2 b6 6. O-O Bb7 7. Nc3 Nh6 8. Bf4
O-O 9. Ne5 Nf5 10. Qd2 Bxe5 11. Bxe5 Qc8 12. Bf4 e5 13. Bg5 f6 14. Bh6 Nxh6 15.
Qxh6 Nd4 16. Bxb7 Qxb7 17. Rae1 Nf5 18. Qh3 Rae8 19. g4 Nd4 20. Qh6 f5 21. Nd5
fxg4 22. Nc3 d6 23. Nd5 Qf7 24. Qg5 e4 25. dxe4 Rxe4 26. Ne3 Qe7 27. Qh6 Re5
28. Nd5 Qe6 29. Kh1 Rxe2 30. Rxe2 Qxe2 31. Kg1 Nf3+ 32. Kg2 Qe4 33. Ne7+ Qxe7
34. Rc1 Qe4 35. Kf1 Nd4 36. Qxf8+ Kxf8 37. Kg1 Ne2+ 38. Kf1 Nf4 39. f3 Qxf3+
40. Kg1 Qg2# {Hossa checkmated} 0-1

[Event "ICS rated blitz match"]
[Site "204.178.125.65"]
[Date "2001.07.08"]
[Round "?"]
[White "Blice"]
[Black "Hossa"]
[Result "0-1"]
[WhiteElo "2221"]
[BlackElo "2630"]
[PlyCount "142"]
[EventDate "2001.??.??"]

1. e4 Nc6 2. d4 d5 3. e5 Bf5 4. c3 f6 5. f4 Qd7 6. Nf3 e6 7. Bd3 Bxd3 8. Qxd3
O-O-O 9. Be3 Be7 10. Nbd2 Nh6 11. O-O Ng4 12. h3 Nxe3 13. Qxe3 Kb8 14. b4 Rhg8
15. a4 fxe5 16. fxe5 g5 17. Nh2 Rdf8 18. Rxf8+ Rxf8 19. Rf1 Rxf1+ 20. Kxf1 Nd8
21. a5 b6 22. axb6 cxb6 23. Qd3 h5 24. Ke2 a5 25. bxa5 bxa5 26. Nhf3 a4 27. Qa6
a3 28. Nb3 Qc6 29. Qxc6 Nxc6 30. Kd3 a2 31. Kc2 Na5 32. Na1 g4 33. hxg4 hxg4
34. Nd2 Ba3 35. Nab3 Nc4 36. Nxc4 dxc4 37. Na1 g3 38. Kd1 Bb2 39. Nc2 Bxc3 40.
Ke2 Bxd4 41. Kf3 a1=Q 42. Nxa1 Bxa1 43. Kxg3 c3 44. Kf4 c2 45. Ke4 c1=Q 46. g4
Qe3+ 47. Kxe3 Bxe5 48. Ke4 Bb2 49. g5 Kc7 50. g6 Kd6 51. Kd3 Kc5 52. Kc2 Bh8
53. Kd3 Kd5 54. Ke3 Bd4+ 55. Kf4 Bg7 56. Kf3 Ke5 57. Kg4 Kf6 58. Kh5 e5 59. Kg4
Kxg6 60. Kf3 Kf5 61. Ke3 Bh6+ 62. Kf3 e4+ 63. Ke2 e3 64. Kf3 Bg5 65. Ke2 Ke4
66. Kf1 Kd3 67. Ke1 e2 68. Kf2 Be7 69. Kf3 e1=Q 70. Kg4 Qe3 71. Kf5 Qe4# {
Blice checkmated} 0-1

[Event "ICS rated blitz match"]
[Site "204.178.125.65"]
[Date "2001.07.08"]
[Round "?"]
[White "Tinker"]
[Black "Hossa"]
[Result "1/2-1/2"]
[WhiteElo "2497"]
[BlackElo "2636"]
[PlyCount "144"]
[EventDate "2001.??.??"]

1. e4 d5 2. exd5 Qxd5 3. Nc3 Qd8 4. d4 Nf6 5. Bc4 c6 6. Nf3 Bf5 7. Ne5 e6 8. g4
Bg6 9. Bg5 Be7 10. h4 Nd5 11. Bxd5 exd5 12. Qe2 f6 13. Nxg6 hxg6 14. Bd2 g5 15.
h5 Kd7 16. Na4 Re8 17. O-O-O Kc7 18. Qd3 Nd7 19. f4 Nb6 20. Ba5 gxf4 21. Qb3
Kb8 22. Rde1 Rf8 23. h6 gxh6 24. Nxb6 axb6 25. Bxb6 Qd7 26. Rxh6 Bd6 27. Rh4
Ra6 28. Kb1 f3 29. Rf1 Qe7 30. Rhh1 Re8 31. Bc5 Bxc5 32. dxc5 Qxc5 33. Rxf3 Qd4
34. Rhf1 Qd2 35. a3 Re1+ 36. Rxe1 Qxe1+ 37. Ka2 Qe5 38. Re3 Qd4 39. Re6 Qxg4
40. Rxf6 Qg7 41. Qc3 Qe7 42. Rg6 Qe2 43. Qc5 Qc4+ 44. Qxc4 dxc4 45. Rf6 Kc7 46.
Rf7+ Kb6 47. Rf4 Kc5 48. Rf5+ Kd6 49. b3 cxb3+ 50. cxb3 Ra8 51. Rf7 b5 52. Kb2
c5 53. Rf6+ Kc7 54. Rf4 Re8 55. Rh4 Re2+ 56. Kc3 Re3+ 57. Kc2 Re6 58. a4 bxa4
59. Rxa4 Rg6 60. Rc4 Rg2+ 61. Kc3 Kc6 62. b4 Rg3+ 63. Kc2 Kb5 64. Rxc5+ Kxb4
65. Rc7 Rh3 66. Kb1 Rh2 67. Ka1 Rh1+ 68. Ka2 Rg1 69. Kb2 Rh1 70. Ka2 Rg1 71.
Kb2 Rh1 72. Ka2 Rg1 {Game drawn by repetition} 1/2-1/2

[Event "ICS rated blitz match"]
[Site "204.178.125.65"]
[Date "2001.07.08"]
[Round "?"]
[White "Hossa"]
[Black "PostModernist"]
[Result "0-1"]
[WhiteElo "2630"]
[BlackElo "2658"]
[PlyCount "92"]
[EventDate "2001.??.??"]

1. c4 Nf6 2. Nf3 g6 3. Nc3 d5 4. cxd5 Nxd5 5. e4 Nxc3 6. bxc3 c5 7. Ba3 b6 8.
Bc4 Nc6 9. d4 Bg7 10. O-O O-O 11. Bd5 Qe8 12. Qd3 cxd4 13. Nxd4 Ne5 14. Qg3 Ba6
15. Bxa8 Bxf1 16. Rxf1 Qxa8 17. Bxe7 Re8 18. Qh4 Nc6 19. Nxc6 Qxc6 20. Rd1 Qa4
21. Rd5 f6 22. Bb4 a5 23. Bd6 Rxe4 24. f4 Qxa2 25. Rd1 Qe2 26. Rf1 Re6 27. Bb8
Bf8 28. Be5 Rxe5 29. fxe5 Bc5+ 30. Qd4 fxe5 31. Qxc5 bxc5 32. Rb1 Qe3+ 33. Kh1
Qxc3 34. Kg1 e4 35. Rb8+ Kg7 36. Kf1 Qd3+ 37. Ke1 e3 38. Rb7+ Kf6 39. Rb6+ Kg5
40. Rb2 Qc3+ 41. Ke2 Qxb2+ 42. Kf3 e2 43. Ke4 Qd4+ 44. Kf3 e1=Q 45. h4+ Qdxh4
46. g3 Qhxg3# {Hossa checkmated} 0-1

[Event "ICS rated blitz match"]
[Site "204.178.125.65"]
[Date "2001.07.08"]
[Round "?"]
[White "ChesterX"]
[Black "Hossa"]
[Result "1-0"]
[WhiteElo "2832"]
[BlackElo "2615"]
[PlyCount "111"]
[EventDate "2001.??.??"]

1. d4 d5 2. e4 c6 3. exd5 cxd5 4. c4 Nc6 5. Nc3 dxc4 6. Nf3 Na5 7. Ne5 Nf6 8.
Qa4+ Bd7 9. Nxd7 Nxd7 10. Bxc4 Nxc4 11. Qxc4 Nb6 12. Qb5+ Qd7 13. Qxd7+ Kxd7
14. O-O e6 15. f4 Be7 16. f5 Bf6 17. fxe6+ fxe6 18. Rd1 Rad8 19. b3 Kc6 20. Ne2
Nd5 21. Ba3 Kd7 22. Rf1 Rc8 23. Rac1 Ne3 24. Rf3 Rxc1+ 25. Bxc1 Nd5 26. Kf2 Rc8
27. a4 Rc2 28. Ke1 h5 29. h3 a6 30. g4 hxg4 31. hxg4 Kc6 32. Kd1 Ra2 33. g5 Be7
34. Rf7 Ba3 35. Bxa3 Ne3+ 36. Ke1 Rxa3 37. Rxg7 Rxb3 38. g6 Rb1+ 39. Kd2 Nd5
40. Rf7 Rb2+ 41. Ke1 Nc3 42. g7 Nxe2 43. g8=Q Nxd4 44. Qd8 Kc5 45. Rc7+ Nc6 46.
Qe7+ Kd5 47. Rd7+ Ke4 48. Qxe6+ Ne5 49. Re7 Kd3 50. Qxe5 Rb4 51. Qd5+ Kc2 52.
Re2+ Kc3 53. Re3+ Kb2 54. Qd2+ Kb1 55. Qxb4+ Kc1 56. Rc3# {Hossa checkmated}
1-0

[Event "ICS Rated blitz match"]
[Site "204.178.125.65"]
[Date "2001.07.08"]
[Round "?"]
[White "Hossa"]
[Black "CM7K"]
[Result "0-1"]
[WhiteElo "2608"]
[BlackElo "2637"]
[PlyCount "188"]
[EventDate "2001.??.??"]

1. c4 Nf6 2. Nc3 e5 3. Nf3 Nc6 4. g3 Bb4 5. Bg2 O-O 6. O-O e4 7. Ne1 Bxc3 8.
dxc3 h6 9. c5 Qe7 10. Be3 d6 11. cxd6 cxd6 12. Bf4 Rd8 13. Qd2 Ne5 14. Nc2 Be6
15. Nd4 g5 16. Nxe6 Nc4 17. Qd4 Qxe6 18. Bc1 d5 19. b3 Nd6 20. Qd2 Rac8 21. e3
h5 22. Ba3 h4 23. Rfd1 b6 24. Rab1 Nb5 25. Bb2 Kg7 26. a4 Nd6 27. Ba3 Nf5 28.
Bf1 hxg3 29. hxg3 Ne7 30. Ba6 Rb8 31. Kf1 Rh8 32. Qc2 Rh1+ 33. Ke2 Rh2 34. Ke1
Nf5 35. Be2 Qe5 36. Kd2 Rxf2 37. Rf1 Qxg3 38. Rxf2 Qxf2 39. Rf1 Qxe3+ 40. Kd1
Ng3 41. Re1 d4 42. Bc4 Nf5 43. cxd4 Qxd4+ 44. Qd2 Rd8 45. Qxd4 Nxd4 46. Kc1 Rc8
47. Kb1 Nf3 48. Re2 g4 49. Bb2 Kg6 50. Rg2 Nh4 51. Rf2 Rc6 52. Re2 g3 53. Re1
Nf3 54. Re2 Rc8 55. Ka2 Re8 56. Bb5 Re7 57. Ba3 Re5 58. Bd6 Rg5 59. Rg2 Nh5 60.
Bc6 Kf5 61. Bc7 Nf4 62. Bd7+ Ne6 63. Rxg3 Rxg3 64. Bxg3 e3 65. Bb5 Ned4 66.
Bd3+ Kg4 67. Bb8 Nc6 68. Bd6 Nfd4 69. b4 e2 70. Bxe2+ Nxe2 71. b5 Ncd4 72. Kb2
f5 73. Bb4 f4 74. Be1 f3 75. Bf2 Kh3 76. a5 Kg2 77. Be3 bxa5 78. Kb1 Nf5 79.
Bxa7 Nfd4 80. Kb2 f2 81. Bxd4 Nxd4 82. b6 f1=Q 83. Kc3 Qb5 84. b7 Qxb7 85. Kxd4
a4 86. Ke5 a3 87. Kf5 a2 88. Kf6 a1=Q+ 89. Ke6 Qaa6+ 90. Ke5 Qbb5+ 91. Kd4
Qaa4+ 92. Kc3 Qbb3+ 93. Kd2 Qaa2+ 94. Ke1 Qbb1# {Hossa checkmated} 0-1

[Event "ICS rated blitz match"]
[Site "204.178.125.65"]
[Date "2001.07.08"]
[Round "?"]
[White "CM7K"]
[Black "Hossa"]
[Result "1-0"]
[WhiteElo "2671"]
[BlackElo "2601"]
[PlyCount "103"]
[EventDate "2001.??.??"]

1. e4 Nc6 2. Nf3 d6 3. d4 Nf6 4. Nc3 e6 5. Bb5 a6 6. Bxc6+ bxc6 7. O-O Be7 8.
Bg5 O-O 9. Re1 Bb7 10. Qd2 Nd7 11. Bxe7 Qxe7 12. b4 e5 13. a3 Rfe8 14. Rad1 Qf6
15. dxe5 Nxe5 16. Nxe5 Rxe5 17. f4 Rh5 18. e5 Qh4 19. g3 Qh3 20. exd6 cxd6 21.
Re7 Rb8 22. Qxd6 Qxh2+ 23. Kf1 Rf8 24. Rxb7 g6 25. Ne2 Qh3+ 26. Kf2 Re8 27. Re7
Qc8 28. Qd7 Qxd7 29. Rdxd7 Rxe7 30. Rxe7 c5 31. c4 cxb4 32. axb4 g5 33. Re8+
Kg7 34. c5 Rh6 35. fxg5 Rc6 36. Nd4 Rc7 37. g4 h6 38. Nf5+ Kh7 39. Re7 Rc6 40.
Rxf7+ Kg8 41. Rg7+ Kf8 42. gxh6 Rxh6 43. Nxh6 Kxg7 44. c6 Kf6 45. c7 Ke6 46.
c8=Q+ Kd6 47. Qc5+ Ke6 48. Nf5 Kd7 49. Qd6+ Kc8 50. Qe7 Kb8 51. Nd6 a5 52. Qb7#
{Hossa checkmated} 1-0

[Event "ICS rated blitz match"]
[Site "204.178.125.65"]
[Date "2001.07.08"]
[Round "?"]
[White "Hossa"]
[Black "ChesterX"]
[Result "1/2-1/2"]
[WhiteElo "2594"]
[BlackElo "2839"]
[PlyCount "81"]
[EventDate "2001.??.??"]

1. c4 g6 2. d4 Nf6 3. Nc3 Bg7 4. e4 d6 5. Be2 O-O 6. Bg5 Nbd7 7. Nf3 b6 8. O-O
Bb7 9. Qc2 Re8 10. Bd3 e5 11. dxe5 Nxe5 12. Nxe5 dxe5 13. Rfd1 Qd7 14. Be2 Qc6
15. Nd5 Nxd5 16. exd5 Qd7 17. Qd2 e4 18. Bh6 Be5 19. Bf1 Qd6 20. g3 c6 21. Bg2
f5 22. dxc6 Qxc6 23. Qe2 Rac8 24. Rac1 Red8 25. b4 Qa4 26. b5 Bf6 27. Rxd8+
Rxd8 28. g4 Kh8 29. gxf5 gxf5 30. Qh5 Bb2 31. Qxf5 Rg8 32. Bg5 e3 33. Bf6+ Bxf6
34. Qxf6+ Rg7 35. f3 Qxa2 36. Qf8+ Rg8 37. Qf6+ Rg7 38. Qf8+ Rg8 39. Qf6+ Rg7
40. Qf8+ Rg8 41. Qf6+ {Game drawn by repetition} 1/2-1/2

[Event "ICS Rated standard match"]
[Site "204.178.125.65"]
[Date "2001.07.08"]
[Round "?"]
[White "BrazilianMaster"]
[Black "Hossa"]
[Result "1-0"]
[WhiteElo "2667"]
[BlackElo "2289"]
[PlyCount "107"]
[EventDate "2001.??.??"]

1. d4 e6 2. c4 b6 3. e4 d5 4. cxd5 exd5 5. e5 c6 6. Nc3 Bf5 7. Bd3 Bxd3 8. Qxd3
Bb4 9. Qg3 g6 10. a3 Bf8 11. Nh3 Nh6 12. Bg5 Nf5 13. Bxd8 Nxg3 14. Bf6 Nxh1 15.
Bxh8 Nd7 16. Ke2 Ke7 17. Rxh1 Bh6 18. Bf6+ Nxf6 19. exf6+ Kxf6 20. Kd3 Bf8 21.
b4 b5 22. Rc1 a5 23. Nb1 Ra6 24. bxa5 Bd6 25. Ke3 Kf5 26. g3 h6 27. Nf4 Bxf4+
28. gxf4 Kg4 29. h4 Kh5 30. f3 f6 31. Kf2 g5 32. hxg5 hxg5 33. f5 Kh6 34. Re1
Rxa5 35. Re6 Kg7 36. Rxc6 Ra4 37. Ke3 Ra5 38. Rc5 Kf7 39. Rxd5 Ke7 40. Ke4 Kf7
41. Rd6 Kg7 42. Rb6 Kf7 43. Nc3 Rxa3 44. Nd5 Rb3 45. Rb7+ Kf8 46. Nxf6 g4 47.
Nxg4 Ra3 48. f6 Ra6 49. Kf5 Rb6 50. Rxb6 Ke8 51. Ke6 Kd8 52. Rc6 b4 53. f7 b3
54. f8=Q# {Hossa checkmated} 1-0

[Event "ICS rated blitz match"]
[Site "204.178.125.65"]
[Date "2001.07.08"]
[Round "?"]
[White "Rebel-3"]
[Black "Hossa"]
[Result "1-0"]
[WhiteElo "2681"]
[BlackElo "2604"]
[PlyCount "83"]
[EventDate "2001.??.??"]

1. d4 d5 2. c4 dxc4 3. e4 c5 4. Nf3 cxd4 5. Qxd4 Qxd4 6. Nxd4 e5 7. Nb5 Na6 8.
Bxc4 Nf6 9. N1c3 Bc5 10. Bg5 Ng4 11. Nd5 O-O 12. f3 Nf2 13. Rf1 Nh3 14. gxh3
Bxh3 15. Be7 Bxf1 16. Kxf1 Rfc8 17. Bd6 Rd8 18. Bxe5 Nb4 19. Rc1 Nc6 20. Bg3
Rac8 21. Bh4 Rd7 22. Be2 Bf8 23. f4 f5 24. exf5 Kh8 25. Bf3 Rf7 26. f6 Rb8 27.
Bg4 Bb4 28. Nxa7 Nxa7 29. Nxb4 Rff8 30. Rc7 g6 31. Bg5 Nb5 32. Rd7 h5 33. f5
hxg4 34. fxg6 g3 35. Nd5 Rbe8 36. Rh7+ Kg8 37. f7+ Rxf7+ 38. gxf7+ Kxh7 39.
fxe8=Q Kg7 40. Nf6 g2+ 41. Kxg2 Nd4 42. Qg8# {Hossa checkmated} 1-0

[Event "ICS rated blitz match"]
[Site "204.178.125.65"]
[Date "2001.07.08"]
[Round "?"]
[White "Hossa"]
[Black "potty"]
[Result "1-0"]
[WhiteElo "2591"]
[BlackElo "2022"]
[PlyCount "28"]
[EventDate "2001.??.??"]

1. c4 e6 2. Nc3 d5 3. d4 dxc4 4. e4 a6 5. Bxc4 b5 6. Bd3 Bb7 7. Nf3 g6 8. O-O
Bg7 9. a4 b4 10. Qb3 a5 11. Bf4 Ba6 12. Nb5 Bxb5 13. axb5 Bxd4 14. Nxd4 Qxd4 {
potty resigns} 1-0

[Event "ICS rated blitz match"]
[Site "204.178.125.65"]
[Date "2001.07.08"]
[Round "?"]
[White "gerbil"]
[Black "Hossa"]
[Result "0-1"]
[WhiteElo "2303"]
[BlackElo "2592"]
[PlyCount "120"]
[EventDate "2001.??.??"]

1. Nf3 c5 2. e4 e6 3. Be2 d6 4. O-O Nf6 5. e5 dxe5 6. Nxe5 Nbd7 7. Nxd7 Bxd7 8.
c4 Bd6 9. d3 Qc7 10. Kh1 O-O 11. Bg5 Be5 12. Qc2 Bxh2 13. Bxf6 gxf6 14. g3 Bxg3
15. fxg3 Qxg3 16. Bf3 Qh3+ 17. Kg1 Kh8 18. Bg2 Rg8 19. Nc3 Bc6 20. Ne4 Rxg2+
21. Qxg2 Rg8 22. Qxg8+ Kxg8 23. Kf2 Qh2+ 24. Ke1 Qe5 25. Rg1+ Kf8 26. Kf1 Bxe4
27. dxe4 Qxb2 28. Rd1 Qxa2 29. Rc1 Qd2 30. Re1 Qd3+ 31. Kg2 Qxc4 32. Rh1 Qc2+
33. Kf3 f5 34. e5 Qd3+ 35. Kg2 h5 36. Rh3 Qd2+ 37. Kf1 Qf4+ 38. Kg2 b5 39. Ra3
Qd2+ 40. Kf1 a5 41. Rh3 Qf4+ 42. Kg2 a4 43. Rf3 Qd2+ 44. Kf1 b4 45. Rf2 Qd3+
46. Kg2 b3 47. Rfe2 a3 48. Re3 Qd5+ 49. Kg3 a2 50. R3e2 Qd3+ 51. Re3 a1=Q 52.
Rxa1 Qxe3+ 53. Kg2 Qxe5 54. Rf1 Qe4+ 55. Kh2 b2 56. Kg1 Qe3+ 57. Kh2 Qe2+ 58.
Kg1 Qxf1+ 59. Kxf1 b1=Q+ 60. Ke2 Qc2+ {gerbil resigns} 0-1

[Event "ICS rated blitz match"]
[Site "204.178.125.65"]
[Date "2001.07.08"]
[Round "?"]
[White "Hossa"]
[Black "gerbil"]
[Result "1/2-1/2"]
[WhiteElo "2597"]
[BlackElo "2298"]
[PlyCount "60"]
[EventDate "2001.??.??"]

1. c4 Nf6 2. Nf3 Nc6 3. d4 e6 4. Nc3 Bb4 5. e3 O-O 6. Bd3 d5 7. cxd5 exd5 8. a3
Bxc3+ 9. bxc3 Bg4 10. h3 Be6 11. Qc2 Re8 12. Ng5 Kh8 13. Bxh7 g6 14. Bxg6 fxg6
15. Qxg6 Na5 16. Rb1 b6 17. O-O Nc4 18. Qh6+ Kg8 19. g3 Bf5 20. e4 Bxe4 21.
Nxe4 Nxe4 22. Qg6+ Kh8 23. f3 Nf6 24. Bg5 Re6 25. Rbe1 Rd6 26. Bf4 Rc6 27. Qh6+
Kg8 28. Qg6+ Kh8 29. Qh6+ Kg8 30. Qg6+ Kh8 {Game drawn by repetition} 1/2-1/2

[Event "ICS rated standard match"]
[Site "204.178.125.65"]
[Date "2001.07.08"]
[Round "?"]
[White "Hossa"]
[Black "PissedPawn"]
[Result "0-1"]
[WhiteElo "2286"]
[BlackElo "2610"]
[PlyCount "194"]
[EventDate "2001.??.??"]

1. c4 Nf6 2. Nf3 g6 3. Nc3 Bg7 4. e4 d6 5. d4 O-O 6. Be2 e5 7. dxe5 dxe5 8.
Qxd8 Rxd8 9. Bg5 Re8 10. O-O Nc6 11. Nb5 Re7 12. Nc3 Re8 13. Nb5 Re7 14. Nc3 h6
15. Bxf6 Bxf6 16. Nd5 Kg7 17. Nxe7 Bxe7 18. Rfd1 f5 19. Bd3 Be6 20. g3 Rd8 21.
exf5 gxf5 22. Bf1 e4 23. Rxd8 Bxd8 24. Ne1 Nd4 25. Ng2 Bf6 26. Nf4 Bf7 27. Kg2
Be5 28. Rd1 c5 29. Nd5 Bh5 30. Rb1 a5 31. h4 Bf3+ 32. Kh2 Bh5 33. Bg2 Kf7 34.
Kg1 Ke6 35. Ne3 Be2 36. Re1 a4 37. Kh2 h5 38. Kh3 Bg7 39. Bf1 Bg4+ 40. Nxg4
fxg4+ 41. Kg2 Kf5 42. Be2 Nf3 43. Rb1 Nd2 44. Rd1 Bh6 45. Kg1 Ke5 46. a3 Ke6
47. Kh2 b6 48. Kg2 Kf5 49. Kh1 Ke5 50. Kg1 Kf5 51. Bf1 Nf3+ 52. Kg2 Nd2 53. Kh1
Kf6 54. Re1 Bg7 55. Be2 Kf5 56. Rd1 Bh6 57. Rc1 Nf3 58. Ra1 Bg7 59. Kg2 Bxb2
60. Rb1 Bxa3 61. Rxb6 Bb4 62. Rh6 a3 63. Rxh5+ Kg6 64. Rh8 Ne5 65. Rf8 Nc6 66.
Rc8 Na5 67. h5+ Kxh5 68. Rg8 a2 69. Bxg4+ Kh6 70. Rh8+ Kg5 71. Rh1 Nb3 72. Kh3
Ba3 73. Re1 Bc1 74. Rxe4 a1=Q 75. f4+ Kf6 76. Re6+ Kf7 77. Rd6 Qc3 78. Kh4 Nd2
79. Rd7+ Ke8 80. Rd5 Qxc4 81. Bd7+ Kd8 82. Bc6+ Kc7 83. Ba8 Nf1 84. Rf5 Qc3 85.
Rg5 Qh8+ 86. Rh5 Qxa8 87. Rxc5+ Kd6 88. Rxc1 Qh8+ 89. Kg4 Qg7+ 90. Kf3 Qxg3+
91. Ke4 Qe3+ 92. Kf5 Qxc1 93. Kg5 Ke6 94. Kg4 Qe3 95. Kg5 Qg3+ 96. Kh5 Kf5 97.
Kh6 Qg6# {Hossa checkmated} 0-1

[Event "ICS rated blitz match"]
[Site "204.178.125.65"]
[Date "2001.07.08"]
[Round "?"]
[White "heptameron"]
[Black "Hossa"]
[Result "0-1"]
[WhiteElo "2112"]
[BlackElo "2586"]
[PlyCount "100"]
[EventDate "2001.??.??"]

1. e3 Nf6 2. Nf3 d5 3. d4 g6 4. c4 Bg7 5. Nc3 O-O 6. Be2 dxc4 7. Bxc4 Bg4 8.
Be2 Nc6 9. O-O Bf5 10. b3 Qd7 11. Bb2 Rfd8 12. Rc1 a6 13. Kh1 Qd6 14. Na4 Ne4
15. Nc5 Nxc5 16. Rxc5 Qxc5 17. dxc5 Rxd1 18. Rxd1 Bxb2 19. Nh4 Be6 20. Bf3 Rd8
21. g3 Rxd1+ 22. Bxd1 Nb4 23. a4 Nd3 24. Kg2 Nxc5 25. Nf3 Bxb3 26. Be2 Bxa4 27.
Ng5 Bc6+ 28. Kh3 f6 29. Nf3 Ne4 30. Kg2 Nd2 31. Bd1 a5 32. h4 Bxf3+ 33. Bxf3
Nxf3 34. Kxf3 a4 35. g4 a3 36. h5 a2 37. hxg6 hxg6 38. Ke4 a1=Q 39. Kd5 Qa2+
40. Ke4 Qc4+ 41. Kf3 Kh7 42. Kg3 Kh6 43. f3 Be5+ 44. f4 Qf1 45. fxe5 fxe5 46.
e4 Kg5 47. Kh2 Kh4 48. g5 Qe2+ 49. Kg1 Kg3 50. Kh1 Qe1# {heptameron checkmated}
0-1

[Event "ICS rated blitz match"]
[Site "204.178.125.65"]
[Date "2001.07.08"]
[Round "?"]
[White "Hossa"]
[Black "mambrino"]
[Result "1-0"]
[WhiteElo "2593"]
[BlackElo "2126"]
[PlyCount "31"]
[EventDate "2001.??.??"]

1. c4 Nf6 2. Nf3 g6 3. Nc3 Bg7 4. e4 d6 5. d4 O-O 6. Be2 e5 7. dxe5 dxe5 8. Bg5
c6 9. Qxd8 Rxd8 10. O-O Re8 11. Rfd1 Na6 12. Rd6 Nd7 13. Rad1 Ndc5 14. Be3 h6
15. R6d2 Be6 16. b4 {mambrino resigns} 1-0

[Event "ICS rated blitz match"]
[Site "204.178.125.65"]
[Date "2001.07.08"]
[Round "?"]
[White "mambrino"]
[Black "Hossa"]
[Result "0-1"]
[WhiteElo "2124"]
[BlackElo "2595"]
[PlyCount "20"]
[EventDate "2001.??.??"]

1. e4 d5 2. exd5 Qxd5 3. Nc3 Qd8 4. d4 Nf6 5. Bc4 c6 6. Nf3 Bf5 7. Ne5 e6 8.
Bf4 Nd5 9. Bd2 Nb4 10. Bb3 Qxd4 {mambrino resigns} 0-1

[Event "ICS rated standard match"]
[Site "204.178.125.65"]
[Date "2001.07.08"]
[Round "?"]
[White "lat1"]
[Black "Hossa"]
[Result "1-0"]
[WhiteElo "2267"]
[BlackElo "2285"]
[PlyCount "79"]
[EventDate "2001.??.??"]

1. f4 d5 2. Nf3 g6 3. g3 Bg7 4. Bg2 Nh6 5. O-O O-O 6. c3 Nc6 7. d4 Bf5 8. Re1
Qd7 9. Nbd2 Rfe8 10. e4 dxe4 11. Nxe4 b6 12. Nf2 Ng4 13. Ng5 Nxf2 14. Kxf2 Bf6
15. g4 Bxg5 16. fxg5 Be6 17. Rxe6 Qxe6 18. Qh1 Nxd4 19. Bxa8 Nc2 20. Rb1 Qxa2
21. Bf4 Na3 22. Qc6 Rf8 23. Re1 Nc4 24. Kg1 Nxb2 25. Rxe7 Nd1 26. Qf3 Nxc3 27.
Bxc7 Qa3 28. Qf6 Qa1+ 29. Kg2 Qa2+ 30. Kh3 Ne2 31. Be5 Nf4+ 32. Kg3 Qf2+ 33.
Kxf2 Nd3+ 34. Kf1 Nxe5 35. Bd5 a5 36. Rxe5 b5 37. Re7 a4 38. Bxf7+ Rxf7 39.
Qxf7+ Kh8 40. Qf8# {Hossa checkmated} 1-0

[Event "ICS rated standard match"]
[Site "204.178.125.65"]
[Date "2001.07.08"]
[Round "?"]
[White "Hossa"]
[Black "lat1"]
[Result "0-1"]
[WhiteElo "2268"]
[BlackElo "2284"]
[PlyCount "94"]
[EventDate "2001.??.??"]

1. e4 e5 2. Nc3 Nc6 3. Bc4 Nf6 4. d3 Bc5 5. Nf3 d6 6. Na4 Bb6 7. Nxb6 axb6 8.
Ng5 O-O 9. O-O h6 10. Nxf7 Rxf7 11. Bxf7+ Kxf7 12. f4 Kg8 13. fxe5 dxe5 14. Be3
Be6 15. h3 b5 16. Qd2 Qe7 17. Rf3 b4 18. b3 Nd4 19. Rf2 c5 20. Kh1 b5 21. Rff1
Nh5 22. Rf2 Qh4 23. Kg1 Qg3 24. Bxd4 exd4 25. Rf3 Qe5 26. Qf2 g5 27. Rf1 Nf4
28. Ra1 c4 29. Qf1 Rf8 30. Rf2 g4 31. hxg4 Bxg4 32. Re1 c3 33. Kh1 Qh5+ 34. Kg1
Qg5 35. Kh2 Qh4+ 36. Kg1 Qg3 37. Kh1 Rf6 38. Qg1 Qh4+ 39. Qh2 Qxf2 40. Ra1 Ne2
41. Qb8+ Rf8 42. Qc7 Nf4 43. Qxf4 Rxf4 44. Rf1 Qxf1+ 45. Kh2 Rf2 46. Kg3 Qxg2+
47. Kh4 Qh3# {Hossa checkmated} 0-1

[Event "ICS rated blitz match"]
[Site "204.178.125.65"]
[Date "2001.07.08"]
[Round "?"]
[White "ChesterX"]
[Black "Hossa"]
[Result "1-0"]
[WhiteElo "2800"]
[BlackElo "2592"]
[PlyCount "143"]
[EventDate "2001.??.??"]

1. e4 Nc6 2. d4 d5 3. e5 Bf5 4. Nf3 e6 5. Bd3 Bxd3 6. Qxd3 Qd7 7. O-O O-O-O 8.
Rd1 Be7 9. Be3 h5 10. c4 Nb4 11. Qe2 dxc4 12. Qxc4 Nh6 13. Bxh6 Rxh6 14. Nc3
Kb8 15. a3 Nd5 16. Rdc1 Nf4 17. Ne2 g5 18. Nxf4 gxf4 19. b4 Rg6 20. Kh1 Rdg8
21. Rg1 h4 22. h3 Qd8 23. Rac1 R6g7 24. a4 Qd7 25. b5 Ba3 26. Rce1 Qe7 27. Re4
Qd8 28. Rxf4 Be7 29. a5 Qd7 30. Nxh4 Qe8 31. b6 cxb6 32. axb6 axb6 33. Nf3 Qc6
34. Qe2 b5 35. Re4 Qc4 36. Qd2 Qd5 37. Qd3 b4 38. Nd2 Bg5 39. Rg4 Bxd2 40. Rxg7
Rxg7 41. Qxd2 b3 42. Qb4 Rg8 43. f3 b5 44. Ra1 Qd7 45. Ra5 Qc6 46. Rxb5+ Kc7
47. Qe7+ Kc8 48. Rc5 Qxc5 49. Qxc5+ Kb8 50. Qb5+ Kc8 51. Qc4+ Kd8 52. Qxb3 Rg6
53. Qb8+ Ke7 54. Qd6+ Ke8 55. f4 Rg7 56. d5 exd5 57. Qc6+ Kf8 58. Qc8+ Ke7 59.
Qc7+ Ke6 60. g4 f5 61. Qxg7 d4 62. Qb7 fxg4 63. hxg4 d3 64. Kg2 d2 65. f5+ Kxe5
66. Qd7 d1=Q 67. Qxd1 Kf6 68. Qd6+ Kg7 69. f6+ Kh6 70. Qf8+ Kg5 71. Kf3 Kg6 72.
Qg7# {Hossa checkmated} 1-0

[Event "ICS rated standard match"]
[Site "204.178.125.65"]
[Date "2001.07.08"]
[Round "?"]
[White "PostModernist"]
[Black "Hossa"]
[Result "1-0"]
[WhiteElo "2393"]
[BlackElo "2253"]
[PlyCount "97"]
[EventDate "2001.??.??"]

1. d4 c5 2. d5 d6 3. Nc3 e6 4. e4 Nf6 5. Nf3 Be7 6. Bb5+ Bd7 7. dxe6 fxe6 8. e5
dxe5 9. Nxe5 Bxb5 10. Qxd8+ Bxd8 11. Nxb5 O-O 12. Be3 Na6 13. c4 Ba5+ 14. Ke2
Rfd8 15. Rhd1 Rxd1 16. Rxd1 Bb6 17. Rd6 Re8 18. Nd7 Bd8 19. Nxa7 Be7 20. Nxf6+
Bxf6 21. b3 Re7 22. Rd8+ Kf7 23. Nb5 Be5 24. f4 Bc7 25. Rc8 g5 26. Nxc7 Rxc7
27. Rxc7+ Nxc7 28. fxg5 Na6 29. h4 e5 30. h5 Nb4 31. Bxc5 Nxa2 32. Kd2 e4 33.
Ke3 Nc1 34. b4 Nd3 35. Kxe4 Nb2 36. Kd4 Ke6 37. Bd6 Kf7 38. c5 Na4 39. b5 Ke6
40. b6 Nxb6 41. cxb6 Kxd6 42. g6 h6 43. g7 Ke6 44. g8=Q+ Kd6 45. Qg6+ Ke7 46.
Ke5 Kf8 47. Qh7 Ke8 48. Ke6 Kd8 49. Qh8# {Hossa checkmated} 1-0

[Event "ICS rated standard match"]
[Site "204.178.125.65"]
[Date "2001.07.08"]
[Round "?"]
[White "expert101"]
[Black "Hossa"]
[Result "0-1"]
[WhiteElo "2082"]
[BlackElo "2243"]
[PlyCount "52"]
[EventDate "2001.??.??"]

1. e4 Nc6 2. d4 d5 3. e5 Bf5 4. Bd3 Nxd4 5. Bxf5 Nxf5 6. g4 Nh4 7. Bg5 Ng6 8.
Nf3 Qd7 9. Nc3 c6 10. Qd4 f6 11. Be3 fxe5 12. Nxe5 Nxe5 13. Qxe5 Qd6 14. Qh5+
g6 15. Qh3 Bg7 16. O-O-O Bxc3 17. bxc3 O-O-O 18. g5+ Kb8 19. f4 e6 20. Qg3 Ne7
21. Qf2 Qa3+ 22. Kd2 Nf5 23. Bc5 Qa4 24. Rhe1 Rhe8 25. Rb1 d4 26. Rb4 Qa5 {
expert101 resigns} 0-1